000 00580nam a2200205 i 4500
001 30566
003 ES-MaACL
005 20230906154221.0
007 t|
008 030124s1982 sp ||||1| spa d
100 1 _aBartley, William Warren.
_926143
245 1 0 _aWittgenstein /
_cWilliam Warren Bartley ; traducción de Javier Sádaba.
260 _aMadrid :
_bCátedra,
_c[1982]
300 _a231 p. ;
_c18 cm.
490 1 _aTeorema
700 1 _aSádaba, Javier.
_9101274
830 0 _aTeorema
_9181356
852 _aES-MaACL
_jL-2938
_bR.103887
999 _c30566
_d30566